Quiz o powiecie Sanockim - Statystyki

Ogólne statystyki
  • Ten quiz został rozwiązany 77 razy
  • Średni wynik to 5 z 9
Statystyki odpowiedzi
Zagadnienie Odpowiedź % Poprawnych
W jakim wojewodzstwie leży powiat Sanocki? Podkarpacie
100%
jakie miasta znajdują się w tym powiecie? Sanok i Zagórz
88%
Jaka wieś Leży w powiecie Sanockim? Rzepedź
69%
z Jakimi powiatami graniczy powiat Sanocki? Krośnieński, Leski, Brzozowski, Bieszczadzki, Przemyski
50%
Jaka jest największa gmina w tym powiecie? Komańcza
38%
Z jakimi Krajami graniczy powiat Sanocki? Słowacja
38%
Jakimi powiatami (okresami) na Słowacji graniczy z powiatem Sanockim? Medzilaborce, Humenne, Snina
31%
Jaka jest najmniejsza gmina w powiecie Sanockim? Besko
19%
Jaka wieś NIE leży w powiecie Sanockim? Jaśliska
19%
Nie znaleziono quizów pasujących do podanych kryteriów
Rozkład punktacji
Procent ludzi z każdym wynikiem
Percentyl według liczby udzielonych odpowiedzi
Twoja historia wyników
Nie rozwiązałeś tego quizu